000
00308nam a2200109Ia 4500
008
171211s9999 xx 000 0 und d
245
_a
Drum Techniques of Led Zeppelin
245
_c
Joe Bergamini and Led Zeppelin
260
_c
1989
650
_x
music
856
_u
http://down.ebook777.com/060/0757940307.pdf
999
_c
348694
_d
348694